NBA 2019-2020 Quiz - Statistics

General Stats
  • This quiz has been taken 80 times
  • The average score is 8 of 10
Answer Stats
Question Answer % Correct
Who lead the league in assits? Lebron James
100%
Who was the Captain for the West in the all star game? Lebron James
100%
Who was the Captain for the East in the all star game? Giannis Antetokounmpo
96%
Who lead the league in ppg? James Harden
96%
Which team had the best record? Milwaukee Bucks
91%
Which Rookie got 23 points and went 4/4 in their debut? Zion Williamson
86%
How many players were traded in the largest trade of this year? 12
79%
Who lead the league in rebounds? Andre Drummond
79%
Which team had the worst record? Golden State Warriors
73%
What was the Bucks record? 53-12
9%
No matching quizzes found
Score Distribution
Percent of People with Each Score
Percentile by Number Answered
Your Score History
You have not taken this quiz